Seminars for the gifted in Ohio high schools/ (Record no. 23512)
[ view plain ]
| 000 -LEADER | |
|---|---|
| fixed length control field | 00335nam a2200133Ia 4500 |
| 008 - FIXED-LENGTH DATA ELEMENTS--GENERAL INFORMATION | |
| fixed length control field | 190923s9999||||xx |||||||||||||| ||und|| |
| 100 ## - MAIN ENTRY--AUTHOR NAME | |
| Personal name | Coon, Herbert L. |
| 245 #0 - TITLE STATEMENT | |
| Title | Seminars for the gifted in Ohio high schools/ |
| 260 ## - PUBLICATION, DISTRIBUTION, ETC. (IMPRINT) | |
| Place of publication | Ohio: |
| Name of publisher | s.n., |
| Year of publication | 1962 |
| 300 ## - PHYSICAL DESCRIPTION | |
| Number of Pages | vii, 95 |
| 650 ## - SUBJECT ADDED ENTRY--TOPICAL TERM | |
| Topical Term | Biology |
| 942 ## - ADDED ENTRY ELEMENTS (KOHA) | |
| Koha item type | Books |
| Lost status | Damaged status | Not for loan | Collection code | Permanent Location | Current Location | Shelving location | Cost, normal purchase price | Full call number | Accession Number | Koha item type |
|---|---|---|---|---|---|---|---|---|---|---|
| RIE AJMER LIBRARY | RIE AJMER LIBRARY | General Stacks | 0.01 | 371.95 COO-S | 30735 | Books |
